Dáždnik svätého Petra, Posledný hradný pán a iné

Bibliographic Details
Main Author: Mikszáth, Kálmán, 1847-1910 (Author)
Other Authors: Albrecht, Július, 1911-1974 (Translator), Engelmann, Alfréd, 1916-1988 (Translator), Wlachovský, Karol, 1941- (Translator), Chmel, Rudolf, 1939- (Author of introduction, etc.)
Format: Book
Language:Slovak
Hungarian
Published: Bratislava Tatran 1979
Edition:1. vyd.
Series:Zlatý fond svetovej literatúry
Subjects:

MARC

LEADER 00000cam a2200000 a 4500
001 vtls001115637
003 SK-MaSNL
005 20260302064310.0
008 180815s1979 xo gr 0000f slo
015 |a SNBA1979 
035 |a SNK000058480 
040 |a SNK  |b slo  |c SNK  |e AACR2 
041 1 |a slo  |h hun 
044 |a xo  |c SK 
080 |a 894.511-3  |2 1981 
100 1 |a Mikszáth, Kálmán,  |d 1847-1910  |4 aut  |9 89516 
245 0 |a Dáždnik svätého Petra, Posledný hradný pán a iné  |c Kálmán Mikszáth ; z maďarských originálov ... preložili Július Albrecht, Alfréd Engelmann, Karol Wlachovský 
250 |a 1. vyd. 
260 |a Bratislava  |b Tatran  |c 1979  |e Bratislava  |f Svornosť 
300 |a 447 s.  |c 21 cm 
490 1 |a Zlatý fond svetovej literatúry  |v zv. 24 
655 7 |a maďarské romány  |2 SNKPH  |9 70321 
655 7 |a umelecká literatúra  |2 SNKPH  |9 60405 
700 1 |a Albrecht, Július,  |d 1911-1974  |4 trl  |9 42425 
700 1 |a Engelmann, Alfréd,  |d 1916-1988  |4 trl  |9 8534 
700 1 |a Wlachovský, Karol,  |d 1941-  |4 trl  |9 108581 
700 1 |a Chmel, Rudolf,  |d 1939-  |4 aui  |9 14004 
740 0 2 |a Dáždnik svätého Petra 
740 0 2 |a Posledný hradný pán 
830 0 |a Zlatý fond svetovej literatúry  |9 278528 
958 |a OND 
958 |a LX 
958 |a TL 
958 |a UP 
958 |a HU 
999 |c 1136899  |d 1138829 
952 |t P60, <05>, [BOOK], {605}  |a SNK  |b SNK  |y PREZ  |7 0  |p 17A0225901  |o snkSC 46505 D1  |0 0  |1 0  |4 0  |d 2000-02-01  |l 0  |r 2004-12-31 00:00:00  |w 2026-02-24